000
00303cam a22001217a 4500
008
180718b1975 xxu||||| |||| 00| 0 eng d
082
_a
BA27x5411 G961
100
_a
Gurdon, P.R.T.
245
_a
Khasis
_c
by P.R.T. Gurdon
260
_a
Delhi
_b
Cosmo Pub.
_c
1975
300
_a
227p.
650
_a
Khasi tribe.
999
_c
345427
_d
345427